[Event "Arco op 45th"]
[Site "Arco"]
[Date "2023.10.15"]
[Round "9"]
[White "Schoch, Heinz1"]
[Black "Tafuni, Francesco"]
[Result "0-1"]
[WhiteElo "1612"]
[BlackElo "999"]
[PlyCount "78"]
[EventDate "2023.10.07"]
[EventType "swiss"]
[EventRounds "9"]
[EventCountry "ITA"]
[SourceTitle "CBM 216 Extra"]
[Source "ChessBase"]
[SourceDate "2023.11.30"]
[SourceVersion "1"]
[SourceVersionDate "2023.11.30"]
[SourceQuality "1"]

1. d4 Nf6 2. Nf3 e6 3. g3 c5 4. Bg2 cxd4 5. Nxd4 d5 6. 0-0 Bc5 7. Nb3 Bb6 8. Nc3 0-0 9. Na4 Bc7 10. Bg5 h6 11. Be3 b6 12. c4 Bb7 13. Rc1 Nbd7 14. Nd4 Rc8 15. Nc3 Nc5 16. b4 Nce4 17. Ncb5 Bb8 18. f3 Nd6 19. c5 Nc4 20. Bf2 bxc5 21. bxc5 a6 22. Nc3 Nd7 23. Nb3 Ba7 24. e4 Nxc5 25. Nxc5 Bxc5 26. Bxc5 Rxc5 27. Qd4 Qd6 28. Rfd1 Rd8 29. Na4 Rc7 30. Rxc4 Rxc4 31. Qxc4 dxc4 32. Rxd6 Rxd6 33. Bf1 Rd1 34. Nc5 Bc6 35. Kf2 Bb5 36. a4 c3 37. axb5 axb5 38. Bd3 c2 39. Bxc2 Rd2+ 0-1